| 000 | 00404 a2200121 4500 | ||
|---|---|---|---|
| 020 | _a0130305626 | ||
| 082 | _a519.5 LAR | ||
| 100 | _aLarsen, Richard J. | ||
| 245 |
_aAn introduction to mathematical statistics and its applications _cRichard J. Larsen, Morris L. Marx. |
||
| 250 | _a3rd ed. | ||
| 260 |
_aUpper Saddle River, NJ : _bPrentice Hall, _cc2001. |
||
| 300 |
_ax, 790 p. : _bill. ; _c24 cm. |
||
| 650 | _aMathematical statistics. | ||
| 999 |
_c543 _d543 |
||